[Event "DEM U18w 2011"]
[Site "Oberhof GER"]
[Date "2011.06.12"]
[Round "1"]
[White "Bochis, Julia"]
[Black "Velina, Valeria"]
[Result "1-0"]
[Termination "normal"]
[Board "1"]
[WhiteTitle "FM"]
[WhiteElo "2128"]
[BlackElo "1751"]
[PlyCount "77"]
[WhiteFideId "24647276"]
[BlackFideId "24677345"]
[EventCountry "GER"]
[EventRounds "9"]
[EventType "swiss"]
[EventDate "2011.06.11"]

1. e4 Nf6 2. e5 Nd5 3. d4 d6 4. c4 Nb6 5. exd6 exd6 6. Nc3 Be7 7. h3 O-O 8. Bd3
c5 9. d5 N8d7 10. Nf3 Re8 11. O-O Bf6 12. Ne4 Ne5 13. Nxf6+ Qxf6 14. Nxe5 Qxe5
15. Qc2 h6 16. Bd2 Bd7 17. b3 Qe7 18. Bf4 Rad8 19. a3 Nc8 20. Qd2 Qf6 21. b4
Bf5 22. Bxf5 Qxf5 23. bxc5 dxc5 24. Rfe1 Re4 25. Bc7 Rde8 26. Rxe4 Rxe4 27. Rc1
Qd7 28. Qd3 Rd4 29. Qg3 f6 30. Bf4 Kf7 31. Be3 Rd3 32. Qf3 b6 33. Qh5+ Kf8 34.
Re1 Rxa3 35. Bxh6 Qf7 36. Qf5 Nd6 37. Qf4 gxh6 38. Qxd6+ Kg8 39. Qd8+ 1-0

[Event "DEM U18w 2011"]
[Site "Oberhof GER"]
[Date "2011.06.12"]
[Round "1"]
[White "Lehmann, Patricia"]
[Black "Schulz, Anja"]
[Result "1-0"]
[Termination "normal"]
[Board "2"]
[WhiteElo "1522"]
[BlackElo "2087"]
[PlyCount "83"]
[WhiteFideId "12900060"]
[BlackFideId "24647845"]
[EventCountry "GER"]
[EventRounds "9"]
[EventType "swiss"]
[EventDate "2011.06.11"]

1. d4 Nf6 2. c4 c5 3. Nf3 g6 4. Nc3 Bg7 5. e3 O-O 6. Be2 d6 7. O-O a6 8. Qc2
Qc7 9. a3 cxd4 10. Nxd4 Nc6 11. Nxc6 Qxc6 12. Na2 Bf5 13. Bd3 Be6 14. Nb4 Qc7
15. Bd2 Rfc8 16. Rac1 a5 17. Na2 b5 18. b3 a4 19. b4 bxc4 20. Be2 d5 21. Nc3
Bd7 22. Bf3 e6 23. Rfd1 Qb6 24. Be1 Ra7 25. Ne2 Bc6 26. Bc3 Nd7 27. Bxg7 Kxg7
28. e4 Ne5 29. Qc3 f6 30. exd5 Nxf3+ 31. gxf3 Bxd5 32. Nf4 Ba8 33. Rc2 e5 34.
Nd5 Qe6 35. Rcd2 h5 36. Qe3 Rb7 37. Nb6 g5 38. Nxc8 Rc7 39. Qb6 Qxc8 40. Rd8
Qb7 41. Qxb7 Rxb7 42. Rxa8 1-0

[Event "DEM U18w 2011"]
[Site "Oberhof GER"]
[Date "2011.06.12"]
[Round "1"]
[White "Carow, Annelen"]
[Black "Gordeeva, Vitalia"]
[Result "1-0"]
[Termination "normal"]
[Board "3"]
[WhiteElo "1860"]
[BlackElo "1709"]
[PlyCount "59"]
[WhiteFideId "24692492"]
[BlackFideId "24688053"]
[EventCountry "GER"]
[EventRounds "9"]
[EventType "swiss"]
[EventDate "2011.06.11"]

1. d4 d5 2. c4 e6 3. Nc3 Nf6 4. cxd5 exd5 5. Bg5 Be7 6. e3 O-O 7. Bd3 Nbd7 8.
Qc2 c6 9. Nf3 Re8 10. Bf4 Nf8 11. a3 a5 12. Rb1 Ng6 13. Bg3 Nh5 14. Ne5 Bd6 15.
Nxg6 fxg6 16. Bxd6 Qxd6 17. O-O Nf6 18. Ne2 Ne4 19. b4 axb4 20. axb4 b6 21.
Rfc1 Bd7 22. Bxe4 Rxe4 23. b5 cxb5 24. Nc3 Rh4 25. g3 Rh5 26. Nxb5 Bxb5 27.
Rxb5 Rf5 28. Qb3 Rb8 29. e4 Rff8 30. Rxd5 1-0

[Event "DEM U18w 2011"]
[Site "Oberhof GER"]
[Date "2011.06.12"]
[Round "1"]
[White "Kölbl, Ines"]
[Black "Stark, Saskia"]
[Result "0-1"]
[Termination "normal"]
[Board "4"]
[WhiteElo "1808"]
[BlackElo "2019"]
[PlyCount "48"]
[WhiteFideId "24697052"]
[BlackFideId "4601050"]
[EventCountry "GER"]
[EventRounds "9"]
[EventType "swiss"]
[EventDate "2011.06.11"]

1. d4 d5 2. Nf3 Nf6 3. c4 dxc4 4. e3 Bg4 5. Bxc4 e6 6. h3 Bh5 7. Qb3 Bxf3 8.
gxf3 Nbd7 9. Qxb7 c5 10. dxc5 Bxc5 11. Nd2 Rb8 12. Qc6 O-O 13. f4 Rc8 14. Qg2
Bb4 15. Ba6 Rxc1+ 16. Rxc1 Nc5 17. O-O Qxd2 18. Bc4 Qxb2 19. Qc6 Nce4 20. Rb1
Qd2 21. Qb7 Bc5 22. a4 Nxf2 23. Rb2 Qxe3 24. Rbxf2 Ne4 0-1

[Event "DEM U18w 2011"]
[Site "Oberhof GER"]
[Date "2011.06.12"]
[Round "1"]
[White "Oberpriller, Katharina"]
[Black "Nguyen Minh, Thuy"]
[Result "0-1"]
[Termination "normal"]
[Board "6"]
[WhiteElo "1616"]
[BlackElo "1937"]
[PlyCount "112"]
[BlackFideId "24672688"]
[EventCountry "GER"]
[EventRounds "9"]
[EventType "swiss"]
[EventDate "2011.06.11"]

1. d4 Nf6 2. c4 e6 3. Nc3 Bb4 4. Qc2 c5 5. e3 b6 6. a3 Ba5 7. Bd2 Bb7 8. Nb5
Bxd2+ 9. Qxd2 Ne4 10. Qc2 O-O 11. Nf3 d6 12. Be2 Nd7 13. O-O f5 14. Rad1 a6 15.
Nc3 Ndf6 16. Nd2 cxd4 17. exd4 Nxd2 18. Qxd2 Qe7 19. f3 Nd7 20. Rf2 Rf6 21. f4
Rc8 22. Qd3 Qd8 23. Bf3 Bxf3 24. Rxf3 Qc7 25. b3 h6 26. Re1 Kf7 27. Rfe3 g5 28.
fxg5 hxg5 29. Qe2 Nf8 30. Qh5+ Rg6 31. h3 Kg7 32. Kh1 Qd8 33. Rg3 Qf6 34. Qd1
Rh6 35. Kg1 Rh4 36. Ne2 Ng6 37. Qd2 f4 38. Rd3 g4 39. hxg4 Rch8 40. Kf2 Rh2 41.
Rg1 Qg5 42. Rf3 e5 43. dxe5 dxe5 44. Qd7+ Kh6 45. Qe6 Qh4+ 46. Kf1 Rd8 47. Nc3
Rd2 48. g5+ Kh5 49. Qf7 Rd4 50. Qh7+ Kxg5 51. Qxh4+ Nxh4 52. Rh3 Rxh3 53. gxh3+
Kf5 54. Rg4 Nf3 55. Ke2 Ng5 56. Rh4 f3+ 0-1

[Event "DEM U18w 2011"]
[Site "Oberhof GER"]
[Date "2011.06.12"]
[Round "1"]
[White "Blübaum, Johanna"]
[Black "Sturm, Johanna"]
[Result "1-0"]
[Termination "normal"]
[Board "7"]
[WhiteElo "1998"]
[BlackElo "1606"]
[PlyCount "63"]
[WhiteFideId "24647373"]
[BlackFideId "12909904"]
[EventCountry "GER"]
[EventRounds "9"]
[EventType "swiss"]
[EventDate "2011.06.11"]

1. d4 Nf6 2. c4 g6 3. Nc3 Bg7 4. e4 d6 5. Nf3 O-O 6. Be2 e6 7. O-O Nc6 8. Re1
Ne7 9. h3 Nd7 10. d5 e5 11. Be3 f5 12. Ng5 Nf6 13. f3 f4 14. Bf2 h6 15. Ne6
Bxe6 16. dxe6 c6 17. Qd2 d5 18. exd5 cxd5 19. cxd5 Nfxd5 20. Nxd5 Qxd5 21. Qb4
Qd8 22. Rad1 Qc7 23. Rd7 Nc6 24. Qxf8+ Bxf8 25. Rxc7 Rb8 26. Bc4 Kh8 27. Rd1 a6
28. Rdd7 g5 29. Rh7+ Kg8 30. e7+ Kxh7 31. exf8=Q+ Kg6 32. Qf7# 1-0

[Event "DEM U18w 2011"]
[Site "Oberhof GER"]
[Date "2011.06.12"]
[Round "1"]
[White "Garny, Annica"]
[Black "Dorn, Carina"]
[Result "0-1"]
[Termination "normal"]
[Board "8"]
[WhiteElo "1783"]
[BlackElo "1900"]
[PlyCount "60"]
[WhiteFideId "24600660"]
[BlackFideId "24666335"]
[EventCountry "GER"]
[EventRounds "9"]
[EventType "swiss"]
[EventDate "2011.06.11"]

1. e4 e6 2. d4 d5 3. Nd2 Nf6 4. e5 Nfd7 5. Bd3 c5 6. c3 Nc6 7. Ne2 cxd4 8. cxd4
f6 9. Nf4 Nxd4 10. Qh5+ Ke7 11. exf6+ Nxf6 12. Ng6+ hxg6 13. Qxh8 Kf7 14. Qh4
e5 15. Nf3 Nxf3+ 16. gxf3 Bf5 17. Bxf5 gxf5 18. Bg5 Qa5+ 19. Kf1 Bc5 20. Bxf6
Qb5+ 21. Kg2 gxf6 22. Qh7+ Ke6 23. Rac1 b6 24. Rc2 Qd3 25. Rhc1 e4 26. fxe4
dxe4 27. Rc3 Qd5 28. Kf1 Rd8 29. Qxa7 e3 30. Rxc5 Qd3+ 0-1

[Event "DEM U18w 2011"]
[Site "Oberhof GER"]
[Date "2011.06.12"]
[Round "1"]
[White "Sancar, Alina"]
[Black "Rogasch, Miriam"]
[Result "0-1"]
[Termination "normal"]
[Board "9"]
[WhiteElo "1795"]
[BlackElo "1795"]
[PlyCount "78"]
[WhiteFideId "4624750"]
[BlackFideId "4616324"]
[EventCountry "GER"]
[EventRounds "9"]
[EventType "swiss"]
[EventDate "2011.06.11"]

1. e4 e5 2. Nf3 Nc6 3. Bc4 Nf6 4. d3 Bc5 5. a4 a6 6. O-O d6 7. Bg5 h6 8. Bh4 g5
9. Bg3 Nh5 10. Nxe5 Nxg3 11. Nxc6 bxc6 12. hxg3 g4 13. d4 Ba7 14. c3 Rb8 15. b4
h5 16. Qd2 c5 17. dxc5 dxc5 18. Qf4 Be6 19. Qe5 Rh6 20. Bxa6 cxb4 21. Bb5+ Kf8
22. Qf4 Rf6 23. Qc1 h4 24. e5 Rxf2 25. Rxf2 hxg3 26. Qh6+ Kg8 27. Nd2 gxf2+ 28.
Kh1 Qf8 29. Qh4 Be3 30. Ne4 Qh6 31. Qxh6 Bxh6 32. cxb4 Be3 33. Rf1 g3 34. Nxg3
Kg7 35. Nh5+ Kg6 36. Be2 Rxb4 37. Kh2 Bc4 38. Bxc4 Rxc4 39. g4 Rxg4 0-1

[Event "DEM U18w 2011"]
[Site "Oberhof GER"]
[Date "2011.06.12"]
[Round "1"]
[White "Begeluri, Nino"]
[Black "Maiwald, Anja"]
[Result "1-0"]
[Termination "normal"]
[Board "11"]
[WhiteElo "1843"]
[BlackElo "1483"]
[PlyCount "43"]
[EventCountry "GER"]
[EventRounds "9"]
[EventType "swiss"]
[EventDate "2011.06.11"]

1. e4 c6 2. d4 d5 3. Nc3 dxe4 4. Nxe4 Nd7 5. Ng5 Ngf6 6. Bd3 h6 7. Ne6 Qb6 8.
Nxf8 Nxf8 9. c3 Ne6 10. Qe2 O-O 11. Nf3 Qc7 12. Ne5 c5 13. dxc5 Nxc5 14. Bc2
Ne6 15. O-O Rb8 16. f4 b5 17. Rf3 Nd5 18. Qd3 Nf6 19. Rg3 Rd8 20. Qe2 Rb6 21.
f5 Nf8 22. Bxh6 1-0

[Event "DEM U18w 2011"]
[Site "Oberhof GER"]
[Date "2011.06.12"]
[Round "1"]
[White "Bauersfeld, Jasmin"]
[Black "Evers, Annika"]
[Result "1/2-1/2"]
[Termination "normal"]
[Board "12"]
[WhiteElo "1182"]
[BlackElo "1675"]
[PlyCount "128"]
[BlackFideId "24691933"]
[EventCountry "GER"]
[EventRounds "9"]
[EventType "swiss"]
[EventDate "2011.06.11"]

1. e4 c5 2. c4 Nc6 3. Ne2 g6 4. g3 Bg7 5. Bg2 e6 6. Nbc3 Nge7 7. d3 a6 8. O-O
Rb8 9. Rb1 b5 10. a3 O-O 11. b4 cxb4 12. axb4 bxc4 13. dxc4 Rxb4 14. Rxb4 Nxb4
15. Ba3 Nbc6 16. Qd3 Ne5 17. Qc2 Nxc4 18. Bc5 d6 19. Rd1 Qc7 20. Bb4 a5 21. Nb5
Qb6 22. Qxc4 axb4 23. Qxb4 Ba6 24. Rb1 Rb8 25. Nec3 Rc8 26. Na4 Qb8 27. Bf1
Bxb5 28. Qxb5 Qxb5 29. Rxb5 Bd4 30. Nb2 Rc2 31. Nd3 Nc6 32. Rb7 Ne5 33. Rb8+
Kg7 34. Nxe5 dxe5 35. Rb1 Rxf2 36. Kh1 Rb2 37. Rd1 Ra2 38. Bb5 Ra1 39. Rxa1
Bxa1 40. Kg2 f5 41. Kf3 Kf6 42. h3 Bd4 43. Bd3 Ke7 44. Ke2 Kf7 45. Kf3 Kf6 46.
Bc2 Kg5 47. Bb1 h5 48. h4+ Kf6 49. Bc2 g5 50. hxg5+ Kxg5 51. Bb1 Bc3 52. Bc2 f4
53. gxf4+ exf4 54. Kg2 e5 55. Kh3 Be1 56. Bd1 h4 57. Bf3 Kf6 58. Bg2 Ke6 59.
Bf3 Kd6 60. Bg2 Kc5 61. Kg4 Kd6 62. Kf3 Ke7 63. Bh3 Kf6 64. Bg2 Ke7 1/2-1/2

[Event "DEM U18w 2011"]
[Site "Oberhof GER"]
[Date "2011.06.12"]
[Round "2"]
[White "Sonnhalter, Stella"]
[Black "Carow, Annelen"]
[Result "1-0"]
[Termination "normal"]
[Board "2"]
[WhiteElo "1748"]
[BlackElo "1860"]
[PlyCount "81"]
[WhiteFideId "4624815"]
[BlackFideId "24692492"]
[EventCountry "GER"]
[EventRounds "9"]
[EventType "swiss"]
[EventDate "2011.06.11"]

1. e4 e5 2. Nf3 Nc6 3. Bc4 Bc5 4. c3 Nf6 5. d3 a6 6. Nbd2 Ba7 7. Bb3 O-O 8. h3
d5 9. Qe2 Be6 10. Bc2 Nd7 11. Nf1 f6 12. Ng3 Nb6 13. Nh4 Ne7 14. Qf3 Qd7 15.
O-O f5 16. exf5 Nxf5 17. Ngxf5 Bxf5 18. Nxf5 Rxf5 19. Qg3 Raf8 20. d4 e4 21.
Bd1 h5 22. b3 Qe7 23. h4 c5 24. Bg5 Qf7 25. dxc5 Nd7 26. b4 Ne5 27. Be2 Bb8 28.
Qe3 Qc7 29. Qh3 g6 30. Rad1 Ng4 31. Be3 Nf6 32. c4 Kh7 33. Rd4 Qe5 34. Rfd1
dxc4 35. Bxc4 Ng4 36. Rd7+ Kh8 37. Bd4 Qxd4 38. R1xd4 Rxf2 39. Rd8 e3 40. Rxf8+
Rxf8 41. Rxg4 1-0

[Event "DEM U18w 2011"]
[Site "Oberhof GER"]
[Date "2011.06.12"]
[Round "2"]
[White "Rogasch, Miriam"]
[Black "Stitterich, Nadine"]
[Result "0-1"]
[Termination "normal"]
[Board "4"]
[WhiteElo "1795"]
[BlackElo "2015"]
[PlyCount "46"]
[WhiteFideId "4616324"]
[BlackFideId "24676527"]
[EventCountry "GER"]
[EventRounds "9"]
[EventType "swiss"]
[EventDate "2011.06.11"]

1. e4 c5 2. Nf3 e6 3. d3 Nc6 4. Nbd2 g6 5. c3 Bg7 6. g3 Nge7 7. Bg2 O-O 8. O-O
d6 9. Re1 Rb8 10. Nf1 b5 11. d4 b4 12. Be3 Qa5 13. Qd2 Rd8 14. c4 Ba6 15. b3
Bc8 16. Rad1 Bb7 17. h4 cxd4 18. Nxd4 Nxd4 19. Bxd4 Bxd4 20. Qxd4 Qxa2 21. Ra1
Qxb3 22. Rxa7 Nc6 23. Re3 Nxd4 0-1

[Event "DEM U18w 2011"]
[Site "Oberhof GER"]
[Date "2011.06.12"]
[Round "2"]
[White "Nguyen Minh, Thuy"]
[Black "Begeluri, Nino"]
[Result "1-0"]
[Termination "normal"]
[Board "5"]
[WhiteElo "1937"]
[BlackElo "1843"]
[PlyCount "81"]
[WhiteFideId "24672688"]
[EventCountry "GER"]
[EventRounds "9"]
[EventType "swiss"]
[EventDate "2011.06.11"]

1. e4 e5 2. Nf3 Nc6 3. Bc4 Nf6 4. d3 Be7 5. c3 d5 6. exd5 Nxd5 7. O-O O-O 8.
Re1 Bg4 9. Nbd2 a6 10. h3 Bh5 11. Nf1 Bxf3 12. Qxf3 Nb6 13. Ne3 Qd7 14. Nf5 Bf6
15. Nh6+ Kh8 16. Ng4 Nxc4 17. Nxf6 Qe6 18. Nd5 e4 19. dxe4 Rac8 20. Qe2 Nd6 21.
Nf4 Qe7 22. b3 Rfe8 23. f3 Qf6 24. Qd2 Red8 25. Nd5 Qe6 26. Bb2 Ne7 27. c4 Ne8
28. Qb4 c5 29. Qxb7 Rd7 30. Qb6 Nxd5 31. Qxe6 fxe6 32. exd5 exd5 33. cxd5 Rxd5
34. Re7 Rd6 35. Rae1 Rdd8 36. Rf7 Kg8 37. Ree7 Rd1+ 38. Kh2 Re1 39. Ra7 Re6 40.
Bxg7 Re2 41. Rf8# 1-0

[Event "DEM U18w 2011"]
[Site "Oberhof GER"]
[Date "2011.06.12"]
[Round "2"]
[White "Evers, Annika"]
[Black "Lehmann, Patricia"]
[Result "1-0"]
[Termination "normal"]
[Board "6"]
[WhiteElo "1675"]
[BlackElo "1522"]
[PlyCount "59"]
[WhiteFideId "24691933"]
[BlackFideId "12900060"]
[EventCountry "GER"]
[EventRounds "9"]
[EventType "swiss"]
[EventDate "2011.06.11"]

1. d4 Nf6 2. Nf3 g6 3. Bg5 Bg7 4. e3 O-O 5. c3 d6 6. Nbd2 Nc6 7. Qc2 a6 8. Bd3
b5 9. a3 Bb7 10. h4 e5 11. O-O-O Qd7 12. Rdg1 Ng4 13. h5 Nxf2 14. hxg6 Nxd3+
15. Qxd3 fxg6 16. Bh6 Qf5 17. e4 Qf6 18. d5 Bxh6 19. Rxh6 Ne7 20. Rgh1 Rf7 21.
Qe3 c6 22. Ng5 Qf2 23. Qxf2 Rxf2 24. Rxh7 cxd5 25. Rxe7 Bc6 26. Reh7 dxe4 27.
Ndxe4 Bxe4 28. Nxe4 Rff8 29. Nf6+ Rxf6 30. Rh8+ 1-0

[Event "DEM U18w 2011"]
[Site "Oberhof GER"]
[Date "2011.06.12"]
[Round "2"]
[White "Schulz, Anja"]
[Black "Bauersfeld, Jasmin"]
[Result "1-0"]
[Termination "normal"]
[Board "7"]
[WhiteElo "2087"]
[BlackElo "1182"]
[PlyCount "73"]
[WhiteFideId "24647845"]
[EventCountry "GER"]
[EventRounds "9"]
[EventType "swiss"]
[EventDate "2011.06.11"]

1. e4 e6 2. d4 d5 3. Nc3 Nf6 4. e5 Nfd7 5. Nf3 c5 6. dxc5 Bxc5 7. Bd3 Nc6 8.
Bf4 Qb6 9. O-O a6 10. Na4 Qb4 11. Nxc5 Nxc5 12. Be3 Nxd3 13. Qxd3 Bd7 14. Rfe1
Rc8 15. b3 Ne7 16. Nd4 Ng6 17. f4 O-O 18. Bd2 Qb6 19. Kh1 f6 20. c3 fxe5 21.
fxe5 Rf7 22. Qg3 Rcf8 23. h4 Bb5 24. a4 Bd7 25. Kh2 Nf4 26. Re3 Qd8 27. Rf3 Nh5
28. Qg4 Rxf3 29. gxf3 Qe8 30. Rg1 g6 31. Qxh5 Qf7 32. Qg4 Kh8 33. Bg5 Kg8 34.
Bf6 Bc8 35. h5 Bd7 36. hxg6 hxg6 37. Qh5 1-0

[Event "DEM U18w 2011"]
[Site "Oberhof GER"]
[Date "2011.06.12"]
[Round "2"]
[White "Sturm, Johanna"]
[Black "Sancar, Alina"]
[Result "0-1"]
[Termination "normal"]
[Board "8"]
[WhiteElo "1606"]
[BlackElo "1795"]
[PlyCount "66"]
[WhiteFideId "12909904"]
[BlackFideId "4624750"]
[EventCountry "GER"]
[EventRounds "9"]
[EventType "swiss"]
[EventDate "2011.06.11"]

1. e4 c5 2. c4 g6 3. Ne2 Bg7 4. Nbc3 Nc6 5. d3 a6 6. Be3 Nd4 7. Na4 Qa5+ 8. Bd2
Qc7 9. Rc1 e6 10. b3 d6 11. Nxd4 cxd4 12. Be2 Bd7 13. Nb2 Ne7 14. O-O O-O 15.
Rc2 Rac8 16. Qc1 Qb8 17. Bh6 Bxh6 18. Qxh6 d5 19. Rcc1 dxe4 20. dxe4 f5 21.
exf5 Nxf5 22. Qg5 Bc6 23. Bd3 e5 24. Bxf5 Rxf5 25. Qg3 Qd6 26. Nd3 Qf6 27. Rce1
Rg5 28. Nxe5 Rxg3 29. fxg3 Qd6 30. Nf7 Qa3 31. Re2 Be8 32. Ng5 d3 33. Rd2 Qc5+
0-1

[Event "DEM U18w 2011"]
[Site "Oberhof GER"]
[Date "2011.06.12"]
[Round "2"]
[White "Velina, Valeria"]
[Black "Oberpriller, Katharina"]
[Result "1/2-1/2"]
[Termination "normal"]
[Board "9"]
[WhiteElo "1751"]
[BlackElo "1616"]
[PlyCount "44"]
[WhiteFideId "24677345"]
[EventCountry "GER"]
[EventRounds "9"]
[EventType "swiss"]
[EventDate "2011.06.11"]

1. e4 c6 2. d4 d5 3. Nc3 dxe4 4. Nxe4 Bf5 5. Ng3 Bg6 6. Nf3 Nd7 7. Bd3 Bxd3 8.
Qxd3 Qc7 9. Bd2 Ngf6 10. O-O-O e6 11. Ne4 O-O-O 12. Kb1 Nxe4 13. Qxe4 Nf6 14.
Qe2 Nd5 15. g3 Bd6 16. c4 Nf6 17. Rhe1 Qe7 18. a3 Rhe8 19. Bc3 h6 20. Rd3 Kb8
21. Qd2 Qd7 22. Rde3 Ng4 1/2-1/2

[Event "DEM U18w 2011"]
[Site "Oberhof GER"]
[Date "2011.06.12"]
[Round "2"]
[White "Gordeeva, Vitalia"]
[Black "Garny, Annica"]
[Result "1/2-1/2"]
[Termination "normal"]
[Board "10"]
[WhiteElo "1709"]
[BlackElo "1783"]
[PlyCount "51"]
[WhiteFideId "24688053"]
[BlackFideId "24600660"]
[EventCountry "GER"]
[EventRounds "9"]
[EventType "swiss"]
[EventDate "2011.06.11"]

1. d4 Nf6 2. Nf3 g6 3. e3 Bg7 4. b3 O-O 5. Bb2 d6 6. Be2 Nbd7 7. O-O Re8 8. c4
c5 9. d5 Nf8 10. Qc2 Bf5 11. Bd3 Bxd3 12. Qxd3 e6 13. dxe6 Rxe6 14. Nc3 Qc7 15.
Rad1 Rd8 16. Rd2 a6 17. Rfd1 h6 18. Qc2 N8d7 19. Ba3 Qc6 20. Rd3 b5 21. Ne2 Ne5
22. Nxe5 Rxe5 23. f4 Re6 24. cxb5 axb5 25. Qc1 Qa6 26. Bxc5 1/2-1/2

[Event "DEM U18w 2011"]
[Site "Oberhof GER"]
[Date "2011.06.12"]
[Round "2"]
[White "Maiwald, Anja"]
[Black "Kölbl, Ines"]
[Result "1/2-1/2"]
[Termination "normal"]
[Board "11"]
[WhiteElo "1483"]
[BlackElo "1808"]
[PlyCount "82"]
[BlackFideId "24697052"]
[EventCountry "GER"]
[EventRounds "9"]
[EventType "swiss"]
[EventDate "2011.06.11"]

1. d4 d5 2. Nf3 Nf6 3. Bf4 Bf5 4. e3 Nbd7 5. Bd3 Bxd3 6. Qxd3 c6 7. O-O e6 8.
c4 Qb6 9. Nbd2 Nh5 10. Rfe1 Be7 11. a3 O-O 12. b4 Nxf4 13. exf4 g6 14. c5 Qc7
15. Ne5 Rfb8 16. Nb3 Bd8 17. Re3 Nxe5 18. fxe5 Qd7 19. Qc3 Be7 20. Re2 Rf8 21.
Rae1 Qd8 22. a4 Qd7 23. Qd3 Rfc8 24. Rc2 Bd8 25. Rb1 Be7 26. Nd2 b6 27. Qe3
bxc5 28. bxc5 Rcb8 29. Rcb2 Qc7 30. Rb4 Rxb4 31. Rxb4 a5 32. Rb6 Rb8 33. Qb3
Rxb6 34. Qxb6 Bd8 35. Qxc7 Bxc7 36. f4 Kg7 37. Nf3 Bd8 38. h4 h6 39. g4 f6 40.
g5 fxg5 41. fxg5 h5 1/2-1/2

[Event "DEM U18w 2011"]
[Site "Oberhof GER"]
[Date "2011.06.12"]
[Round "2"]
[White "Falke, Cynthia"]
[Black "Beier, Nina"]
[Result "1/2-1/2"]
[Termination "normal"]
[Board "12"]
[WhiteElo "1681"]
[BlackElo "1521"]
[PlyCount "54"]
[WhiteFideId "24600644"]
[BlackFideId "24660434"]
[EventCountry "GER"]
[EventRounds "9"]
[EventType "swiss"]
[EventDate "2011.06.11"]

1. e4 e6 2. d4 d5 3. exd5 Qxd5 4. c3 Nf6 5. Nf3 c5 6. Bb5+ Nc6 7. O-O a6 8.
Bxc6+ Qxc6 9. Bf4 b5 10. Re1 Bb7 11. Nbd2 cxd4 12. cxd4 Rd8 13. Nb3 Nd5 14. Ne5
Qc8 15. Rc1 Qa8 16. Bg3 Nf6 17. f3 Bd6 18. Qe2 O-O 19. Nc5 Bxe5 20. dxe5 Nd5
21. Bh4 Rc8 22. Bg3 Rc6 23. a3 Rfc8 24. b4 Qa7 25. Bf2 Qa8 26. Rc2 R8c7 27.
Rec1 Qc8 1/2-1/2

[Event "DEM U18w 2011"]
[Site "Oberhof GER"]
[Date "2011.06.13"]
[Round "3"]
[White "Stitterich, Nadine"]
[Black "Nguyen Minh, Thuy"]
[Result "1-0"]
[Termination "normal"]
[Board "1"]
[WhiteElo "2015"]
[BlackElo "1937"]
[PlyCount "79"]
[WhiteFideId "24676527"]
[BlackFideId "24672688"]
[EventCountry "GER"]
[EventRounds "9"]
[EventType "swiss"]
[EventDate "2011.06.11"]

1. e4 c5 2. Nf3 d6 3. d4 cxd4 4. Nxd4 Nf6 5. Nc3 a6 6. Be2 e5 7. Nb3 Be7 8. O-O
O-O 9. Kh1 b6 10. Be3 Bb7 11. f3 b5 12. a4 b4 13. Nd5 Nxd5 14. exd5 Nd7 15. c4
bxc3 16. bxc3 Bg5 17. Bf2 f5 18. c4 Nf6 19. a5 Kh8 20. Rb1 Rf7 21. Qc2 Nh5 22.
Rfd1 Nf4 23. Bf1 Rc8 24. Qa2 Qf6 25. g3 Ng6 26. c5 dxc5 27. Nxc5 Rxc5 28. Bxc5
f4 29. Rb6 Qd8 30. Bg2 Rd7 31. d6 Qa8 32. Rdb1 Bd8 33. R6b3 Bd5 34. Qa4 Bxb3
35. Qxd7 Bg8 36. Rb7 Bf6 37. Bb6 Nf8 38. Qc7 Ne6 39. Qb8 Qxb8 40. Rxb8 1-0

[Event "DEM U18w 2011"]
[Site "Oberhof GER"]
[Date "2011.06.13"]
[Round "3"]
[White "Bochis, Julia"]
[Black "Sonnhalter, Stella"]
[Result "1-0"]
[Termination "normal"]
[Board "2"]
[WhiteTitle "FM"]
[WhiteElo "2128"]
[BlackElo "1748"]
[PlyCount "141"]
[WhiteFideId "24647276"]
[BlackFideId "4624815"]
[EventCountry "GER"]
[EventRounds "9"]
[EventType "swiss"]
[EventDate "2011.06.11"]

1. e4 c5 2. Nf3 Nc6 3. d4 cxd4 4. Nxd4 g6 5. c4 Bg7 6. Be3 Nf6 7. Nc3 O-O 8.
Be2 d6 9. O-O Nxd4 10. Bxd4 Be6 11. Rc1 Qa5 12. Kh1 Rac8 13. Nd5 Nxd5 14. exd5
Bf5 15. Bxg7 Kxg7 16. Qd4+ Kg8 17. a3 Qc5 18. Qd2 b6 19. b4 Qc7 20. Rfe1 Rfd8
21. Qe3 Qd7 22. f3 h5 23. Qg5 f6 24. Qf4 g5 25. Qd4 Kf7 26. Rc3 Rg8 27. Re3
Rce8 28. c5 bxc5 29. bxc5 dxc5 30. Qxc5 Rc8 31. Qd4 g4 32. fxg4 hxg4 33. Ba6
Rce8 34. a4 Qd6 35. Bb5 Bd7 36. Bd3 g3 37. Qe4 Rg7 38. Qh4 gxh2 39. Qh5+ Kg8
40. Bg6 Rc8 41. Rf1 Rc4 42. Bf5 Bxf5 43. Qxf5 Rcg4 44. Qh5 Kf8 45. Rc3 R4g6 46.
Rc8+ Kf7 47. Qh8 Rg8 48. Rxg8 Rxg8 49. Qh5+ Kf8 50. Rc1 Kg7 51. Rc4 f5 52. Qxf5
Qf6 53. Rg4+ Kf7 54. Qe6+ Qxe6 55. dxe6+ Kf8 56. Rf4+ Ke8 57. Kxh2 Rg6 58. Re4
Kf8 59. g4 Kg7 60. Kg3 Kf6 61. Kf4 Rg5 62. Rc4 Ra5 63. Re4 Rg5 64. Kg3 Ra5 65.
Kh3 Rg5 66. Kh4 Ra5 67. Rf4+ Kxe6 68. g5 Re5 69. Kh5 Re1 70. Kh6 Rh1+ 71. Kg7
1-0

[Event "DEM U18w 2011"]
[Site "Oberhof GER"]
[Date "2011.06.13"]
[Round "3"]
[White "Blübaum, Johanna"]
[Black "Evers, Annika"]
[Result "0-1"]
[Termination "normal"]
[Board "4"]
[WhiteElo "1998"]
[BlackElo "1675"]
[PlyCount "80"]
[WhiteFideId "24647373"]
[BlackFideId "24691933"]
[EventCountry "GER"]
[EventRounds "9"]
[EventType "swiss"]
[EventDate "2011.06.11"]

1. d4 d5 2. c4 c6 3. Nc3 Nf6 4. e3 a6 5. Qc2 e6 6. Nf3 c5 7. cxd5 exd5 8. Be2
Nc6 9. O-O Be6 10. Rd1 Nb4 11. Qd2 Ne4 12. Nxe4 dxe4 13. Ne5 cxd4 14. a3 d3 15.
axb4 dxe2 16. Qxe2 Qc7 17. f4 exf3 18. Nxf3 Bxb4 19. Bd2 Bxd2 20. Rxd2 O-O 21.
Nd4 Rfe8 22. Rc2 Qb6 23. Qf2 Rac8 24. Rac1 Rxc2 25. Rxc2 Rc8 26. Rxc8+ Bxc8 27.
Qc2 Bd7 28. h3 h6 29. b3 Qa5 30. Kf2 Qd8 31. Qe4 Qf6+ 32. Kg1 Bc6 33. Nxc6 Qxc6
34. Qe5 Kf8 35. Kh2 f6 36. Qb8+ Kf7 37. Qg3 Qb5 38. Qc7+ Kg6 39. Qg3+ Kh7 40.
e4 Qe5 0-1

[Event "DEM U18w 2011"]
[Site "Oberhof GER"]
[Date "2011.06.13"]
[Round "3"]
[White "Begeluri, Nino"]
[Black "Schulz, Anja"]
[Result "0-1"]
[Termination "normal"]
[Board "5"]
[WhiteElo "1843"]
[BlackElo "2087"]
[PlyCount "116"]
[BlackFideId "24647845"]
[EventCountry "GER"]
[EventRounds "9"]
[EventType "swiss"]
[EventDate "2011.06.11"]

1. e4 c5 2. Nf3 d6 3. d4 cxd4 4. Nxd4 Nf6 5. Nc3 e5 6. Nb3 Be6 7. Bg5 Be7 8.
Be2 O-O 9. Bxf6 Bxf6 10. O-O a6 11. Qd3 Qc7 12. Rfd1 Rd8 13. Nd5 Bxd5 14. Qxd5
Nc6 15. c4 b6 16. Qd2 h6 17. Qc3 a5 18. a4 Rac8 19. Rd3 Nb4 20. Rg3 Qb7 21. Qf3
Kh8 22. Rh3 Bg5 23. Qg4 Qe7 24. Rc3 Rf8 25. g3 g6 26. h4 Bf6 27. Qf3 Bg7 28.
Qe3 Rb8 29. Nc1 Nc6 30. Bf3 Nd4 31. Ne2 Rbe8 32. Qd3 f5 33. Bg2 Ne6 34. Qd5 Nd4
35. Nxd4 exd4 36. Rb3 fxe4 37. Re1 e3 38. fxe3 dxe3 39. Rxb6 e2 40. Rb3 Qa7+
41. c5 Rf5 42. Qxd6 Qxc5+ 43. Qxc5 Rxc5 44. Bf3 Rc2 45. Kf2 Bd4+ 46. Kg2 Bxb2
47. Rxb2 Rxb2 48. Kf2 Rb4 49. Bc6 Re6 50. Bb5 Rb2 51. Rxe2 Rexe2+ 52. Bxe2 Ra2
53. Ke1 Rxa4 54. Kd2 Rb4 55. Kc3 Kg7 56. h5 g5 57. Bc4 Rxc4+ 58. Kxc4 Kf6 0-1